[Event "XIII International Chess Festival"]
[Site "Paracin"]
[Date "2020.07.09"]
[Round "9.1"]
[White "Basso, Pier Luigi"]
[Black "Kosic, Dragan"]
[Result "1-0"]
[BlackElo "2429"]
[WhiteElo "2596"]
[LiveChessVersion "1.4.8"]

1. d4 {[%clk 1:27:06]} e6 {[%clk 1:29:14]} 2. c4 {[%clk 1:27:24]} Bb4+
{[%clk 1:29:39]} 3. Bd2 {[%clk 1:27:49]} a5 {[%clk 1:29:37]} 4. a3
{[%clk 1:26:53]} Bxd2+ {[%clk 1:29:44]} 5. Qxd2 {[%clk 1:27:18]} Nf6
{[%clk 1:29:45]} 6. Nf3 {[%clk 1:27:41]} b6 {[%clk 1:28:55]} 7. Nc3
{[%clk 1:28:05]} Bb7 {[%clk 1:29:20]} 8. Qc2 {[%clk 1:28:25]} O-O
{[%clk 1:27:50]} 9. e4 {[%clk 1:24:15]} d6 {[%clk 1:27:50]} 10. Bd3
{[%clk 1:17:02]} h6 {[%clk 1:25:28]} 11. Rd1 {[%clk 1:09:43]} Qe7
{[%clk 1:23:25]} 12. O-O {[%clk 1:04:20]} Nbd7 {[%clk 1:14:24]} 13. e5
{[%clk 0:58:59]} Ne8 {[%clk 1:09:03]} 14. Bh7+ {[%clk 0:57:35]} Kh8
{[%clk 1:09:17]} 15. Be4 {[%clk 0:58:00]} c6 {[%clk 1:03:13]} 16. Qe2
{[%clk 0:47:28]} Nc7 {[%clk 0:56:33]} 17. exd6 {[%clk 0:40:21]} Qxd6
{[%clk 0:56:26]} 18. Rfe1 {[%clk 0:38:53]} Rad8 {[%clk 0:53:38]} 19. Qe3
{[%clk 0:35:17]} Ba6 {[%clk 0:37:39]} 20. Ne5 {[%clk 0:27:57]} Nxe5
{[%clk 0:35:06]} 21. dxe5 {[%clk 0:28:21]} Qxe5 {[%clk 0:35:24]} 22. Qxb6
{[%clk 0:28:26]} Rxd1 {[%clk 0:15:46]} 23. Rxd1 {[%clk 0:28:41]} Bxc4
{[%clk 0:15:39]} 24. f4 {[%clk 0:24:50]} Qxf4 {[%clk 0:09:39]} 25. Qc5
{[%clk 0:24:41]} Rb8 {[%clk 0:09:20]} 26. g3 {[%clk 0:22:44]} Qg5
{[%clk 0:06:57]} 27. Qxc4 {[%clk 0:22:59]} Nd5 {[%clk 0:04:00]} 28. Qxc6
{[%clk 0:20:23]} Qe3+ {[%clk 0:03:29]} 29. Kh1 {[%clk 0:20:29]} Nxc3
{[%clk 0:03:03]} 30. bxc3 {[%clk 0:20:51]} f5 {[%clk 0:03:30]} 31. Bg2
{[%clk 0:20:56]} Rb2 {[%clk 0:03:54]} 32. Qf3 {[%clk 0:19:17]} Qc5
{[%clk 0:04:21]} 33. h4 {[%clk 0:18:05]} Kh7 {[%clk 0:03:59]} 34. Re1
{[%clk 0:17:30]} Qc4 {[%clk 0:01:23]} 35. Qe3 {[%clk 0:17:15]} Qg4
{[%clk 0:00:35]} 36. Qxe6 {[%clk 0:16:43]} 1-0

[Event "XIII International Chess Festival"]
[Site "Paracin"]
[Date "2020.07.09"]
[Round "9.2"]
[White "Mendonca, Leon Luke"]
[Black "Ivanovic, Marko"]
[Result "1/2-1/2"]
[BlackElo "2267"]
[WhiteElo "2470"]
[LiveChessVersion "1.4.8"]

1. Nf3 {[%clk 1:30:48]} Nf6 {[%clk 1:30:51]} 2. g3 {[%clk 1:30:48]} b5
{[%clk 1:30:51]} 3. Bg2 {[%clk 1:30:48]} Bb7 {[%clk 1:30:51]} 4. b3
{[%clk 1:30:48]} e6 {[%clk 1:30:51]} 5. O-O {[%clk 1:25:03]} Be7 {[%clk 1:32:00]}
6. Bb2 {[%clk 1:23:07]} O-O {[%clk 1:32:16]} 7. d3 {[%clk 1:20:20]} d6
{[%clk 1:32:14]} 8. Nbd2 {[%clk 1:19:06]} c5 {[%clk 1:32:22]} 9. c4
{[%clk 1:12:13]} a6 {[%clk 1:32:26]} 10. e3 {[%clk 1:07:03]} Qb6 {[%clk 1:29:03]}
11. Bc3 {[%clk 1:05:43]} Nc6 {[%clk 1:28:39]} 12. Qc2 {[%clk 1:04:33]} Rac8
{[%clk 1:26:51]} 13. Rab1 {[%clk 1:02:33]} Qa7 {[%clk 1:13:08]} 14. a3
{[%clk 1:00:18]} Qa8 {[%clk 1:05:20]} 15. Qd1 {[%clk 0:37:23]} Rfd8
{[%clk 0:42:54]} 16. Qe2 {[%clk 0:36:21]} d5 {[%clk 0:38:25]} 17. Rfd1
{[%clk 0:31:55]} d4 {[%clk 0:36:23]} 18. exd4 {[%clk 0:27:52]} cxd4
{[%clk 0:35:26]} 19. Bb2 {[%clk 0:26:45]} b4 {[%clk 0:35:28]} 20. axb4
{[%clk 0:21:25]} Nxb4 {[%clk 0:33:52]} 21. Ba3 {[%clk 0:19:55]} e5
{[%clk 0:30:36]} 22. Ne1 {[%clk 0:16:16]} 1/2-1/2

[Event "XIII International Chess Festival"]
[Site "Paracin"]
[Date "2020.07.09"]
[Round "9.3"]
[White "Stankovic, Milos"]
[Black "Ernst, Sipke"]
[Result "1/2-1/2"]
[BlackElo "2540"]
[WhiteElo "2454"]
[LiveChessVersion "1.4.8"]

1. e4 {[%clk 1:28:49]} e5 {[%clk 1:30:56]} 2. Nf3 {[%clk 1:28:49]} Nc6
{[%clk 1:31:23]} 3. Bb5 {[%clk 1:28:48]} a6 {[%clk 1:31:51]} 4. Ba4
{[%clk 1:28:52]} Nf6 {[%clk 1:32:18]} 5. O-O {[%clk 1:28:50]} Be7
{[%clk 1:32:45]} 6. Re1 {[%clk 1:28:51]} b5 {[%clk 1:33:13]} 7. Bb3
{[%clk 1:28:52]} d6 {[%clk 1:33:40]} 8. a4 {[%clk 1:28:48]} b4 {[%clk 1:33:48]}
9. d4 {[%clk 1:28:33]} Bb7 {[%clk 1:22:28]} 10. c3 {[%clk 1:20:43]} a5
{[%clk 1:12:24]} 11. Nbd2 {[%clk 1:17:52]} bxc3 {[%clk 1:11:31]} 12. bxc3
{[%clk 1:17:51]} O-O {[%clk 1:11:25]} 13. Nf1 {[%clk 1:10:31]} exd4
{[%clk 1:11:52]} 14. cxd4 {[%clk 1:10:13]} Nb4 {[%clk 1:11:37]} 15. Ng3
{[%clk 1:09:33]} d5 {[%clk 1:11:13]} 16. exd5 {[%clk 1:07:20]} Nbxd5
{[%clk 0:59:11]} 17. Bd2 {[%clk 1:03:03]} Re8 {[%clk 0:57:16]} 18. Rc1
{[%clk 0:57:52]} Ba3 {[%clk 0:50:00]} 19. Rb1 {[%clk 0:57:34]} Bb4
{[%clk 0:47:15]} 20. Ne5 {[%clk 0:53:23]} g6 {[%clk 0:43:55]} 21. Bc4
{[%clk 0:52:22]} 1/2-1/2

[Event "XIII International Chess Festival"]
[Site "Paracin"]
[Date "2020.07.09"]
[Round "9.4"]
[White "Ratkovic, Miloje"]
[Black "Sredojevic, Ivan"]
[Result "1-0"]
[BlackElo "2239"]
[WhiteElo "2456"]
[LiveChessVersion "1.4.8"]

1. d4 {[%clk 1:28:15]} Nf6 {[%clk 1:30:19]} 2. Nf3 {[%clk 1:27:55]} e6
{[%clk 1:29:16]} 3. c4 {[%clk 1:27:04]} d5 {[%clk 1:27:10]} 4. Nc3
{[%clk 1:27:06]} Be7 {[%clk 1:27:30]} 5. cxd5 {[%clk 1:25:30]} exd5
{[%clk 1:27:53]} 6. Bf4 {[%clk 1:25:10]} c6 {[%clk 1:27:22]} 7. Qc2
{[%clk 1:24:51]} O-O {[%clk 1:24:18]} 8. e3 {[%clk 1:22:47]} Nbd7
{[%clk 1:23:41]} 9. Bd3 {[%clk 1:21:47]} Re8 {[%clk 1:22:22]} 10. h3
{[%clk 1:21:25]} Nf8 {[%clk 1:13:41]} 11. O-O-O {[%clk 1:20:50]} Be6
{[%clk 1:13:53]} 12. Kb1 {[%clk 1:13:09]} h6 {[%clk 1:09:02]} 13. g4
{[%clk 1:12:33]} b5 {[%clk 1:01:19]} 14. g5 {[%clk 1:06:36]} hxg5
{[%clk 1:01:19]} 15. Nxg5 {[%clk 1:06:46]} Bd7 {[%clk 0:56:00]} 16. Rdg1
{[%clk 1:02:55]} b4 {[%clk 0:47:42]} 17. Na4 {[%clk 0:57:21]} Qa5
{[%clk 0:42:17]} 18. Be5 {[%clk 0:50:39]} Ne6 {[%clk 0:37:27]} 19. Nxe6
{[%clk 0:43:01]} Bxe6 {[%clk 0:37:44]} 20. Nc5 {[%clk 0:42:50]} Bxc5
{[%clk 0:35:29]} 21. Bxf6 {[%clk 0:42:44]} Bf8 {[%clk 0:35:57]} 22. Qe2
{[%clk 0:38:27]} g6 {[%clk 0:32:33]} 23. Bxg6 {[%clk 0:38:34]} fxg6
{[%clk 0:32:56]} 24. Rxg6+ {[%clk 0:38:57]} Kf7 {[%clk 0:33:22]} 25. Qh5
{[%clk 0:39:15]} 1-0

[Event "XIII International Chess Festival"]
[Site "Paracin"]
[Date "2020.07.09"]
[Round "9.5"]
[White "Pasti, Aron"]
[Black "Damjanovic, Vuk"]
[Result "1/2-1/2"]
[BlackElo "2208"]
[WhiteElo "2325"]
[LiveChessVersion "1.4.8"]

1. e4 {[%clk 1:30:59]} c6 {[%clk 1:30:34]} 2. Nf3 {[%clk 1:31:25]} d5
{[%clk 1:30:47]} 3. Nc3 {[%clk 1:31:51]} dxe4 {[%clk 1:30:31]} 4. Nxe4
{[%clk 1:32:14]} Nf6 {[%clk 1:30:38]} 5. Nxf6+ {[%clk 1:32:24]} exf6
{[%clk 1:30:06]} 6. d4 {[%clk 1:32:43]} Bd6 {[%clk 1:30:09]} 7. Bd3
{[%clk 1:32:42]} O-O {[%clk 1:30:10]} 8. O-O {[%clk 1:33:04]} Bg4
{[%clk 1:29:56]} 9. h3 {[%clk 1:33:18]} Bh5 {[%clk 1:30:10]} 10. Be2
{[%clk 1:24:09]} Re8 {[%clk 1:18:17]} 11. Be3 {[%clk 1:23:26]} f5
{[%clk 1:15:41]} 12. Re1 {[%clk 1:21:53]} Nd7 {[%clk 1:05:48]} 13. Nh2
{[%clk 1:15:20]} Bg6 {[%clk 1:01:08]} 14. Bh5 {[%clk 1:00:53]} f4
{[%clk 0:39:54]} 15. Bd2 {[%clk 1:00:23]} Qb6 {[%clk 0:39:48]} 16. Bxg6
{[%clk 1:00:04]} hxg6 {[%clk 0:40:12]} 1/2-1/2

[Event "XIII International Chess Festival"]
[Site "Paracin"]
[Date "2020.07.09"]
[Round "9.6"]
[White "Todorovic, Nenad I"]
[Black "Pastar, Slaven"]
[Result "1-0"]
[BlackElo "2323"]
[WhiteElo "2295"]
[LiveChessVersion "1.4.8"]

1. e4 e5 2. Nf3 Nc6 3. Bb5 Nf6 4. O-O Nxe4 5. d4 Nd6 6. dxe5 Nxb5 7. a4 Nbd4 8.
Nxd4 d5 9. Nc3 Nxd4 10. Qxd4 c6 11. a5 Bf5 12. f4 h5 13. Rf2 Be7 14. Be3 O-O 15.
Qd1 g6 16. Na4 Qxa5 17. Nb6 Qxa1 18. Qxa1 axb6 19. Qd1 Ra2 20. c3 Rfa8 21. Qd4
Bc5 22. Qd2 R8a5 23. Bxc5 bxc5 24. h3 Rb5 25. Qe3 Kf8 26. Rd2 c4 27. Qf2 Ke8 28.
Kh2 Kd7 29. Kg3 Ra1 30. Kh4 Rba5 31. Kg5 Ra8 32. g4 hxg4 33. hxg4 Bd3 34. Qb6
R8a7 35. Rh2 f6+ 36. Kxf6 g5 37. Rh8 1-0

[Event "XIII International Chess Festival"]
[Site "Paracin"]
[Date "2020.07.09"]
[Round "9.7"]
[White "Srdanovic, Jovana"]
[Black "Ratkovic, Milovan"]
[Result "1/2-1/2"]
[BlackElo "2435"]
[WhiteElo "2070"]
[LiveChessVersion "1.4.8"]

1. d4 {[%clk 1:30:57]} d5 {[%clk 1:27:39]} 2. c4 {[%clk 1:31:22]} c6
{[%clk 1:26:40]} 3. e3 {[%clk 1:31:46]} Nf6 {[%clk 1:27:05]} 4. Nf3
{[%clk 1:32:12]} e6 {[%clk 1:27:25]} 5. Nbd2 {[%clk 1:32:37]} c5 {[%clk 1:24:51]}
6. cxd5 {[%clk 1:30:28]} exd5 {[%clk 1:24:32]} 7. dxc5 {[%clk 1:29:32]} Bxc5
{[%clk 1:24:32]} 8. Nb3 {[%clk 1:29:47]} Bd6 {[%clk 1:23:28]} 9. h3
{[%clk 1:28:59]} Nc6 {[%clk 1:22:12]} 10. Bd3 {[%clk 1:28:37]} O-O
{[%clk 1:20:58]} 11. O-O {[%clk 1:05:33]} Re8 {[%clk 1:20:17]} 12. Nbd4
{[%clk 1:03:20]} Ne4 {[%clk 1:18:18]} 13. Re1 {[%clk 0:41:11]} a6
{[%clk 1:15:58]} 14. a3 {[%clk 0:39:17]} Qf6 {[%clk 1:12:48]} 15. Qe2
{[%clk 0:21:00]} Bd7 {[%clk 1:05:38]} 16. Nxc6 {[%clk 0:19:24]} bxc6
{[%clk 1:05:31]} 17. Bd2 {[%clk 0:15:39]} Qg6 {[%clk 0:56:44]} 18. Kh1
{[%clk 0:09:25]} Nxf2+ {[%clk 0:52:47]} 19. Qxf2 {[%clk 0:09:52]} Qxd3
{[%clk 0:53:11]} 20. Rf1 {[%clk 0:09:37]} Re7 {[%clk 0:51:24]} 21. Rac1
{[%clk 0:09:28]} Rae8 {[%clk 0:46:51]} 22. Rc3 {[%clk 0:09:12]} Qe4
{[%clk 0:46:14]} 23. b4 {[%clk 0:09:06]} h6 {[%clk 0:42:06]} 24. Rcc1
{[%clk 0:07:44]} Rf8 {[%clk 0:39:28]} 25. Qh4 {[%clk 0:07:24]} Qg6
{[%clk 0:38:14]} 26. Qf2 {[%clk 0:05:03]} Bg3 {[%clk 0:37:15]} 27. Qe2
{[%clk 0:05:23]} Bf5 {[%clk 0:37:00]} 28. Rc3 {[%clk 0:05:28]} Be4
{[%clk 0:33:46]} 29. Nd4 {[%clk 0:04:24]} Rc7 {[%clk 0:28:52]} 30. Rfc1
{[%clk 0:04:25]} Be5 {[%clk 0:27:13]} 31. Qg4 {[%clk 0:04:29]} Qf6
{[%clk 0:26:36]} 32. Rxc6 {[%clk 0:03:41]} Rxc6 {[%clk 0:25:55]} 33. Nxc6
{[%clk 0:03:58]} Bb2 {[%clk 0:22:47]} 34. Rc5 {[%clk 0:03:43]} Re8
{[%clk 0:22:38]} 35. Qf4 {[%clk 0:02:42]} Qe6 {[%clk 0:20:24]} 36. Kh2
{[%clk 0:02:17]} Bf6 {[%clk 0:18:18]} 37. Nd4 {[%clk 0:01:28]} Qd7
{[%clk 0:18:35]} 38. Qg4 {[%clk 0:01:53]} Be5+ {[%clk 0:18:14]} 39. Kg1
{[%clk 0:01:46]} Qa4 {[%clk 0:17:51]} 40. Ra5 {[%clk 0:01:52]} h5
{[%clk 0:16:59]} 41. Rxa4 {[%clk 0:01:33]} hxg4 {[%clk 0:17:24]} 42. hxg4
{[%clk 0:01:38]} Bd3 {[%clk 0:17:45]} 43. Ra5 {[%clk 0:01:48]} Bc4
{[%clk 0:17:36]} 44. Rc5 {[%clk 0:01:08]} g6 {[%clk 0:16:02]} 45. Nf3
{[%clk 0:00:58]} Bb2 {[%clk 0:07:34]} 46. a4 {[%clk 0:01:13]} Kg7
{[%clk 0:07:49]} 47. g5 {[%clk 0:01:27]} 1/2-1/2

[Event "XIII International Chess Festival"]
[Site "Paracin"]
[Date "2020.07.09"]
[Round "9.8"]
[White "Abramovic, Bosko"]
[Black "Ivic, Matija"]
[Result "1-0"]
[BlackElo "2225"]
[WhiteElo "2351"]
[LiveChessVersion "1.4.8"]

1. c4 {[%clk 1:30:58]} Nf6 {[%clk 1:26:31]} 2. Nf3 {[%clk 1:30:44]} e6
{[%clk 1:26:52]} 3. g3 {[%clk 1:30:23]} d5 {[%clk 1:26:18]} 4. Bg2
{[%clk 1:30:27]} Be7 {[%clk 1:26:43]} 5. O-O {[%clk 1:30:48]} O-O
{[%clk 1:27:07]} 6. d4 {[%clk 1:30:45]} dxc4 {[%clk 1:27:29]} 7. Qa4
{[%clk 1:31:10]} a6 {[%clk 1:27:05]} 8. Qxc4 {[%clk 1:31:34]} b5 {[%clk 1:27:22]}
9. Qc2 {[%clk 1:31:57]} Bb7 {[%clk 1:27:46]} 10. Bf4 {[%clk 1:32:17]} Nd5
{[%clk 1:27:13]} 11. Nc3 {[%clk 1:32:12]} Nxf4 {[%clk 1:26:58]} 12. gxf4
{[%clk 1:32:34]} Nd7 {[%clk 1:26:43]} 13. Rfd1 {[%clk 1:29:04]} Qc8
{[%clk 1:25:46]} 14. e3 {[%clk 1:27:36]} c5 {[%clk 1:25:32]} 15. d5
{[%clk 1:27:51]} exd5 {[%clk 1:25:41]} 16. Nxd5 {[%clk 1:27:19]} Bxd5
{[%clk 1:25:59]} 17. Rxd5 {[%clk 1:27:48]} Nf6 {[%clk 1:26:09]} 18. Rdd1
{[%clk 1:27:18]} Ra7 {[%clk 1:26:30]} 19. Ne5 {[%clk 1:27:44]} Rc7
{[%clk 1:26:21]} 20. a4 {[%clk 1:26:43]} Qe6 {[%clk 1:26:43]} 21. axb5
{[%clk 1:26:57]} axb5 {[%clk 1:27:11]} 22. Ra5 {[%clk 1:23:47]} Qb6
{[%clk 1:26:33]} 23. Rda1 {[%clk 1:23:57]} c4 {[%clk 1:26:57]} 24. Ra6
{[%clk 1:23:20]} Qc5 {[%clk 1:27:24]} 25. Nc6 {[%clk 1:21:24]} Nd5
{[%clk 1:26:45]} 26. Qf5 {[%clk 1:13:04]} Rxc6 {[%clk 1:26:57]} 27. Rxc6
{[%clk 1:11:31]} Qxc6 {[%clk 1:26:54]} 28. Bxd5 {[%clk 1:11:54]} Qb6
{[%clk 1:25:09]} 29. Qd7 {[%clk 1:09:25]} Bc5 {[%clk 1:24:08]} 30. Kh1
{[%clk 1:05:44]} g6 {[%clk 1:24:26]} 31. Ra8 Rxa8 {[%clk 1:22:35]} 32. Qxf7+
{[%clk 1:05:56]} Kh8 {[%clk 1:23:02]} 33. Bxa8 {[%clk 1:06:12]} Qd8
{[%clk 1:23:02]} 34. Bd5 1-0

[Event "XIII International Chess Festival"]
[Site "Paracin"]
[Date "2020.07.09"]
[Round "9.9"]
[White "Radeva, Viktoria"]
[Black "Sahin, Ozgun"]
[Result "1-0"]
[BlackElo "2220"]
[WhiteElo "2327"]
[LiveChessVersion "1.4.8"]

1. e4 {[%clk 1:30:57]} c5 {[%clk 1:30:55]} 2. Nf3 {[%clk 1:31:22]} Nc6
{[%clk 1:31:20]} 3. d4 {[%clk 1:31:47]} cxd4 {[%clk 1:31:46]} 4. Nxd4
{[%clk 1:32:13]} g6 {[%clk 1:32:13]} 5. c4 {[%clk 1:32:39]} Nf6 {[%clk 1:32:39]}
6. Nc3 {[%clk 1:32:57]} Nxd4 {[%clk 1:33:03]} 7. Qxd4 {[%clk 1:33:24]} d6
{[%clk 1:33:28]} 8. Be3 {[%clk 1:33:44]} Bg7 {[%clk 1:33:53]} 9. f3
{[%clk 1:34:04]} O-O {[%clk 1:34:17]} 10. Qd2 {[%clk 1:34:32]} Qa5
{[%clk 1:34:37]} 11. Rc1 {[%clk 1:33:38]} Be6 {[%clk 1:34:56]} 12. Nd5
{[%clk 1:33:41]} Qxa2 {[%clk 1:35:17]} 13. Nxe7+ {[%clk 1:34:07]} Kh8
{[%clk 1:35:44]} 14. Bd4 {[%clk 1:33:50]} Rfe8 {[%clk 1:35:00]} 15. Nd5
{[%clk 1:34:07]} Bxd5 {[%clk 1:28:25]} 16. cxd5 {[%clk 1:34:18]} Rac8
{[%clk 1:27:07]} 17. Be2 {[%clk 1:26:02]} Rxc1+ {[%clk 1:21:20]} 18. Qxc1
{[%clk 1:26:27]} Qa5+ {[%clk 1:21:46]} 19. Qc3 {[%clk 1:17:40]} Qxc3+
{[%clk 1:22:04]} 20. Bxc3 {[%clk 1:17:47]} Nd7 {[%clk 1:21:12]} 21. Bb5
{[%clk 1:10:31]} Bxc3+ {[%clk 1:21:13]} 22. bxc3 {[%clk 1:10:58]} Re7
{[%clk 1:21:24]} 23. Bxd7 {[%clk 1:10:08]} Rxd7 {[%clk 1:21:52]} 24. Kd2
{[%clk 1:10:28]} Re7 {[%clk 1:19:39]} 25. Ra1 {[%clk 1:09:58]} b6
{[%clk 1:18:15]} 26. Kd3 {[%clk 1:09:00]} f5 {[%clk 1:13:09]} 27. Ra4
{[%clk 1:05:48]} fxe4+ {[%clk 1:08:45]} 28. fxe4 {[%clk 1:05:26]} Kg7
{[%clk 1:04:07]} 29. Rc4 {[%clk 1:04:08]} Kf6 {[%clk 1:03:49]} 30. Kd4
{[%clk 1:03:48]} Kg5 {[%clk 0:41:12]} 31. Rc8 {[%clk 1:00:20]} Rd7
{[%clk 0:39:15]} 32. Rf8 {[%clk 0:53:02]} Re7 {[%clk 0:35:46]} 33. Rd8
{[%clk 0:48:31]} Kf4 {[%clk 0:36:07]} 34. g3+ {[%clk 0:43:57]} Kf3
{[%clk 0:35:46]} 35. Rf8+ {[%clk 0:44:14]} Kg2 {[%clk 0:35:41]} 36. Rf6
{[%clk 0:42:55]} Kxh2 {[%clk 0:33:50]} 37. Rxd6 {[%clk 0:43:18]} Kxg3
{[%clk 0:34:17]} 38. e5 {[%clk 0:42:49]} g5 {[%clk 0:34:29]} 39. Rh6
{[%clk 0:42:29]} Kf4 {[%clk 0:32:59]} 40. Rf6+ {[%clk 0:42:49]} Kg3
{[%clk 0:33:11]} 41. d6 {[%clk 0:43:10]} 1-0

[Event "XIII International Chess Festival"]
[Site "Paracin"]
[Date "2020.07.09"]
[Round "9.10"]
[White "Formento, Paolo"]
[Black "Petkovic, Jovan"]
[Result "1-0"]
[BlackElo "1980"]
[WhiteElo "2294"]
[LiveChessVersion "1.4.8"]

1. e4 {[%clk 1:26:19]} d5 {[%clk 1:30:49]} 2. Nc3 {[%clk 1:26:15]} dxe4
{[%clk 1:30:57]} 3. Nxe4 {[%clk 1:26:37]} Qd5 {[%clk 1:31:24]} 4. Nc3
{[%clk 1:25:13]} Qa5 {[%clk 1:31:49]} 5. d4 {[%clk 1:23:46]} c6 {[%clk 1:32:07]}
6. Bc4 {[%clk 1:23:15]} Nf6 {[%clk 1:32:27]} 7. Nge2 {[%clk 1:22:07]} Bf5
{[%clk 1:32:32]} 8. O-O {[%clk 1:22:12]} e6 {[%clk 1:32:54]} 9. Ng3
{[%clk 1:16:52]} Bg6 {[%clk 1:32:24]} 10. Qe2 {[%clk 1:15:12]} Nbd7
{[%clk 1:32:37]} 11. Bd2 {[%clk 1:11:21]} Qc7 {[%clk 1:32:50]} 12. f4
{[%clk 1:07:31]} O-O-O {[%clk 1:29:00]} 13. a4 {[%clk 0:48:10]} Nb6
{[%clk 1:25:10]} 14. Bb3 {[%clk 0:46:08]} Bd6 {[%clk 1:23:50]} 15. Nce4
{[%clk 0:40:44]} Be7 {[%clk 1:20:19]} 16. a5 {[%clk 0:38:16]} Nbd5
{[%clk 1:18:57]} 17. Ra4 {[%clk 0:25:58]} h5 {[%clk 1:16:14]} 18. Nxf6
{[%clk 0:21:07]} Nxf6 {[%clk 1:15:33]} 19. f5 {[%clk 0:18:20]} exf5
{[%clk 1:11:31]} 20. Qf3 {[%clk 0:12:59]} Ne4 {[%clk 1:07:34]} 21. Nxe4
{[%clk 0:11:32]} fxe4 {[%clk 1:07:58]} 22. Qh3+ {[%clk 0:11:57]} Qd7
{[%clk 1:06:56]} 23. Bxf7 {[%clk 0:09:57]} Qxh3 {[%clk 1:06:52]} 24. gxh3
{[%clk 0:10:25]} Bxf7 {[%clk 1:07:12]} 25. Rxf7 {[%clk 0:10:54]} Bf6
{[%clk 1:07:20]} 26. c3 {[%clk 0:06:19]} Rhf8 {[%clk 1:06:52]} 27. Rxf8
{[%clk 0:06:21]} Rxf8 {[%clk 1:07:21]} 28. Ra1 {[%clk 0:04:24]} Kd7
{[%clk 1:07:31]} 29. Re1 {[%clk 0:04:07]} Re8 {[%clk 1:07:56]} 30. Be3
{[%clk 0:04:24]} Kd6 {[%clk 1:07:54]} 31. Rf1 {[%clk 0:04:17]} Ke6
{[%clk 1:07:58]} 32. Rf4 {[%clk 0:03:50]} Kf7 {[%clk 1:07:05]} 33. Rf5
{[%clk 0:03:19]} Kg6 {[%clk 1:07:14]} 34. Rc5 {[%clk 0:03:22]} Rd8
{[%clk 1:07:34]} 35. a6 {[%clk 0:03:20]} bxa6 {[%clk 1:05:20]} 36. Rxc6
{[%clk 0:03:18]} Rb8 {[%clk 1:05:47]} 37. b4 {[%clk 0:02:36]} a5 {[%clk 1:06:12]}
38. bxa5 {[%clk 0:02:25]} Rb1+ {[%clk 1:06:12]} 39. Kf2 {[%clk 0:02:32]} Rb2+
{[%clk 1:06:10]} 40. Kg3 {[%clk 0:01:54]} Kf5 {[%clk 1:04:23]} 41. Rc5+
{[%clk 0:02:09]} Kg6 {[%clk 1:03:42]} 42. h4 {[%clk 0:01:47]} Re2
{[%clk 1:02:09]} 43. Bg5 {[%clk 0:02:04]} e3 {[%clk 1:00:59]} 44. Kf3
{[%clk 0:02:05]} Rxh2 {[%clk 1:00:30]} 45. Kxe3 {[%clk 0:02:27]} Bxg5+
{[%clk 1:00:37]} 46. Rxg5+ {[%clk 0:01:42]} Kh6 {[%clk 1:01:07]} 47. Rg1
{[%clk 0:01:54]} Rh3+ {[%clk 1:00:56]} 48. Kd2 {[%clk 0:02:14]} Rxh4
{[%clk 1:01:22]} 49. d5 {[%clk 0:02:22]} Rf4 {[%clk 1:00:48]} 50. Ke3
{[%clk 0:02:25]} g5 {[%clk 1:01:17]} 51. d6 {[%clk 0:01:54]} Kg6 {[%clk 1:01:26]}
52. Rd1 {[%clk 0:01:22]} Rf8 {[%clk 1:01:46]} 53. d7 {[%clk 0:01:31]} Rd8
{[%clk 1:02:11]} 54. c4 {[%clk 0:01:54]} Kf6 {[%clk 1:01:42]} 55. c5
{[%clk 0:02:21]} Ke7 {[%clk 1:01:58]} 56. c6 {[%clk 0:02:48]} h4 {[%clk 1:02:07]}
57. c7 {[%clk 0:02:50]} Rxd7 {[%clk 1:02:36]} 58. Rc1 {[%clk 0:03:01]} 1-0

[Event "XIII International Chess Festival"]
[Site "Paracin"]
[Date "2020.07.09"]
[Round "9.11"]
[White "Van Dael, Siem"]
[Black "Aleksic, Neven"]
[Result "1-0"]
[BlackElo "2169"]
[WhiteElo "2293"]
[LiveChessVersion "1.4.8"]

1. e4 {[%clk 1:30:57]} d5 {[%clk 1:30:48]} 2. exd5 {[%clk 1:31:13]} Qxd5
{[%clk 1:31:09]} 3. Nc3 {[%clk 1:31:27]} Qa5 {[%clk 1:31:31]} 4. d4
{[%clk 1:31:34]} c6 {[%clk 1:31:48]} 5. Bc4 {[%clk 1:31:55]} Bf5 {[%clk 1:30:43]}
6. Nf3 {[%clk 1:31:49]} Nf6 {[%clk 1:26:25]} 7. O-O {[%clk 1:31:57]} e6
{[%clk 1:26:08]} 8. Re1 {[%clk 1:31:41]} Bb4 {[%clk 1:23:37]} 9. Bd2
{[%clk 1:31:52]} Nbd7 {[%clk 1:21:31]} 10. a3 {[%clk 1:32:10]} Bxc3
{[%clk 1:21:18]} 11. Bxc3 {[%clk 1:32:33]} Qc7 {[%clk 1:21:40]} 12. Bd3
{[%clk 1:32:58]} Bxd3 {[%clk 1:16:20]} 13. Qxd3 {[%clk 1:33:21]} O-O-O
{[%clk 1:13:33]} 14. Qc4 {[%clk 1:33:33]} Nd5 {[%clk 1:09:25]} 15. Bd2
{[%clk 1:33:25]} h6 {[%clk 1:05:23]} 16. b4 {[%clk 1:33:10]} g5 {[%clk 1:01:39]}
17. Qb3 {[%clk 1:33:28]} Nf4 {[%clk 0:57:20]} 18. Bxf4 {[%clk 1:31:59]} Qxf4
{[%clk 0:56:50]} 19. b5 {[%clk 1:32:04]} c5 {[%clk 0:47:47]} 20. dxc5
{[%clk 1:32:07]} Nxc5 {[%clk 0:47:15]} 21. Qc3 {[%clk 1:30:04]} b6
{[%clk 0:37:06]} 22. a4 {[%clk 1:30:02]} Kb7 {[%clk 0:37:00]} 23. a5
{[%clk 1:30:07]} g4 {[%clk 0:32:29]} 24. axb6 {[%clk 1:28:45]} axb6
{[%clk 0:32:32]} 25. Ne5 {[%clk 1:29:10]} Ra8 {[%clk 0:24:48]} 26. g3
{[%clk 1:26:40]} Qf6 {[%clk 0:19:15]} 27. Ra6 {[%clk 1:21:56]} Rxa6
{[%clk 0:13:56]} 28. bxa6+ {[%clk 1:22:20]} Kxa6 {[%clk 0:12:48]} 29. Ra1+
{[%clk 1:21:13]} Kb7 {[%clk 0:12:45]} 30. Ra7+ {[%clk 1:21:36]} Kxa7
{[%clk 0:12:07]} 31. Nc6+ {[%clk 1:21:58]} Kb7 {[%clk 0:12:26]} 32. Qxf6
{[%clk 1:22:21]} 1-0

[Event "XIII International Chess Festival"]
[Site "Paracin"]
[Date "2020.07.09"]
[Round "9.12"]
[White "Krasteva, Beloslava"]
[Black "Kisic, Jovan"]
[Result "1/2-1/2"]
[BlackElo "1903"]
[WhiteElo "2246"]
[LiveChessVersion "1.4.8"]

1. d4 {[%clk 1:30:47]} Nf6 {[%clk 1:30:48]} 2. c4 {[%clk 1:30:55]} c5
{[%clk 1:31:00]} 3. d5 {[%clk 1:30:51]} b5 {[%clk 1:31:18]} 4. cxb5
{[%clk 1:30:47]} a6 {[%clk 1:31:38]} 5. b6 {[%clk 1:31:09]} d6 {[%clk 1:31:44]}
6. Nc3 {[%clk 1:30:52]} Qxb6 {[%clk 1:31:41]} 7. Nf3 {[%clk 1:29:23]} Bb7
{[%clk 1:31:25]} 8. e4 {[%clk 1:28:52]} Nbd7 {[%clk 1:31:28]} 9. a4
{[%clk 1:27:55]} g6 {[%clk 1:29:37]} 10. Nd2 {[%clk 1:26:18]} Bg7
{[%clk 1:27:59]} 11. Nc4 {[%clk 1:26:05]} Qc7 {[%clk 1:28:05]} 12. a5
{[%clk 1:26:19]} O-O {[%clk 1:27:35]} 13. Be2 {[%clk 1:25:10]} Rfe8
{[%clk 1:27:04]} 14. O-O {[%clk 1:24:51]} e6 {[%clk 1:25:36]} 15. Bf4
{[%clk 1:22:41]} e5 {[%clk 1:25:42]} 16. Be3 {[%clk 1:20:49]} Rf8
{[%clk 1:23:21]} 17. Bd3 {[%clk 1:07:17]} Ne8 {[%clk 1:21:20]} 18. Qc2
{[%clk 1:07:03]} Qd8 {[%clk 1:19:09]} 19. g3 {[%clk 1:04:49]} Qe7
{[%clk 1:17:57]} 20. Rae1 {[%clk 1:00:39]} Nc7 {[%clk 1:16:36]} 21. f4
{[%clk 0:54:54]} exf4 {[%clk 1:15:34]} 22. gxf4 {[%clk 0:54:24]} Nb5
{[%clk 1:15:10]} 23. f5 {[%clk 0:35:28]} Ne5 {[%clk 1:03:55]} 24. Nxe5
{[%clk 0:35:10]} Qxe5 {[%clk 1:03:55]} 25. Bf4 {[%clk 0:28:57]} Qd4+
{[%clk 1:04:04]} 26. Be3 {[%clk 0:23:10]} Qe5 {[%clk 1:04:29]} 27. Bf4
{[%clk 0:10:55]} Qd4+ {[%clk 1:04:55]} 28. Be3 {[%clk 0:09:45]} Qe5
{[%clk 1:05:21]} 29. Bc1 1/2-1/2